| 000 | 00668nam a22001697a 4500 | ||
|---|---|---|---|
| 999 |
_c14840 _d14840 |
||
| 008 | 200110b ||||| |||| 00| 0 eng d | ||
| 082 |
_22019 _aUT 1403 _bM26 |
||
| 100 |
_aMadaging, Dimple S. _941207 |
||
| 245 |
_aPhysical Classroom Environment and Motivation Among Grade 4 to 6 Elementary Pupils/ _cDimple S. Madaging, Janice J. Paraiso & Katheren Grace D. Takilig |
||
| 260 |
_aDigos City _bUMDC _cNovember 2019 |
||
| 300 |
_a43 pages _c30cm |
||
| 650 |
_aTeacher Education _vElementary _xUndergraduate Thesis _941208 |
||
| 700 |
_aMadaging, Dimple S. _941209 |
||
| 700 |
_aParaiso,Janice J. _941210 |
||
| 700 |
_a Takilig,Katheren Grace D. _941211 |
||
| 942 |
_2ddc _cUT |
||